Biological science / (Record no. 3994)

MARC details
000 -LEADER
fixed length control field 01066pam a2200301 a 4500
001 - CONTROL NUMBER
control field 4927072
003 - CONTROL NUMBER IDENTIFIER
control field OSt
005 - DATE AND TIME OF LATEST TRANSACTION
control field 20160511182302.0
008 - FIXED-LENGTH DATA ELEMENTS--GENERAL INFORMATION
fixed length control field 951004s1996 nyuab b 001 0 eng
010 ## - LIBRARY OF CONGRESS CONTROL NUMBER
LC control number 95044962
020 ## - INTERNATIONAL STANDARD BOOK NUMBER
International Standard Book Number 0393969207
040 ## - CATALOGING SOURCE
Original cataloging agency DLC
Transcribing agency DLC
Modifying agency DLC
050 00 - LIBRARY OF CONGRESS CALL NUMBER
Classification number QH308.2
Item number .G69 1996
082 00 - DEWEY DECIMAL CLASSIFICATION NUMBER
Classification number 574
Edition number 20
Item number GOU 1996
100 1# - MAIN ENTRY--PERSONAL NAME
Personal name Gould, James L.,
Dates associated with a name 1945-
9 (RLIN) 8727
245 10 - TITLE STATEMENT
Title Biological science /
Statement of responsibility, etc. James L. Gould, William T. Keeton, with Carol Grant Gould.
250 ## - EDITION STATEMENT
Edition statement 6th ed.
260 ## - PUBLICATION, DISTRIBUTION, ETC. (IMPRINT)
Place of publication, distribution, etc. New York :
Name of publisher, distributor, etc. W.W. Norton & Co.,
Date of publication, distribution, etc. 1996.
300 ## - PHYSICAL DESCRIPTION
Extent 1 v. (various pagings) :
Other physical details col.ill, col. maps ;
Dimensions 28 cm.
500 ## - GENERAL NOTE
General note Keeton's name appears first on the earlier edition.
504 ## - BIBLIOGRAPHY, ETC. NOTE
Bibliography, etc Includes bibliographical references and index.
650 #0 - SUBJECT ADDED ENTRY--TOPICAL TERM
Topical term or geographic name as entry element Biology.
9 (RLIN) 5602
700 1# - ADDED ENTRY--PERSONAL NAME
Personal name Keeton, William T.
9 (RLIN) 8728
700 1# - ADDED ENTRY--PERSONAL NAME
Personal name Gould, Carol Grant.
9 (RLIN) 8729
906 ## - LOCAL DATA ELEMENT F, LDF (RLIN)
a 7
b cbc
c orignew
d 1
e ocip
f 19
g y-gencatlg
942 ## - ADDED ENTRY ELEMENTS (KOHA)
Source of classification or shelving scheme Dewey Decimal Classification
Koha item type Short Loan
Holdings
Withdrawn status Lost status Source of classification or shelving scheme Damaged status Not for loan Home library Current library Date acquired Inventory number Total Checkouts Full call number Barcode Date last seen Price effective from Koha item type
    Dewey Decimal Classification     MUST Main Library MUST Main Library 11/05/2016 2001/16221   574 GOU 1996 2016-1795 11/05/2016 11/05/2016 Short Loan